Meaning of some political and economic terms in relation to experience of two. Slovak and Hungarian generations

Bibliographic Details
Main Authors: Plichtová, Jana, 1950- (Author), Erös Ferenc, 1946-2020 (Author)
Format: Article
Language:Slovak
English
PhysicalDescription:Obr., tab.
ISSN:0049-1225
Subjects:

MARC

LEADER 00000nab a2200000 a 4500
001 vtls000662784
003 SK-MaSNL
005 20260427121218.0
008 250425c1997 xo 0 slo
015 |a SNBRB1998/05-14086 
035 |a CLN000014972 
035 |a urn:nbn:sk:snk-ab2bu4 
035 |a (urnnbn)urn:nbn:sk:snk:ar-a023jo 
035 |a (uuid)0207e2d5-99a1-474a-a853-c506cb9dcda0 
040 |a SNKBUCL  |b slo  |c SNKBUCL  |e AACR2 
041 0 |a eng 
044 |a xo  |c SK 
080 |a 301.185.1(=854)  |2 1997 
080 |a 301.185.1(=945.11)  |2 1997 
100 1 |a Plichtová, Jana,  |d 1950-  |4 aut  |9 92414 
245 1 0 |a Meaning of some political and economic terms in relation to experience of two. Slovak and Hungarian generations  |c Jana Plichtová, Ferenc Erös 
300 |b Obr., tab. 
504 |a Res. angl. Bibliogr. odkazy 
650 0 7 |a pojmy ekonomické  |2 snkbucl  |9 1381683 
650 0 7 |a pojmy politické  |2 snkbucl  |9 1381684 
655 7 |a články z novín a časopisov  |2 snkbucl  |9 267496 
700 |a Erös Ferenc,  |d 1946-2020  |4 aut  |9 367719 
773 0 |t Sociológia  |g Roč. 29, č. 6 (1997), s. 723-737  |x 0049-1225 
850 |a Slovenská národná knižnica 
852 |a Slovenská národná knižnica 
958 |a article27 
958 |a SK 
958 |a OND 
958 |a EUIPO 
992 |a RBX 
999 |c 2811686  |d 2813616